Financial Mgt: Problems and Solution (Record no. 3231)

MARC details
000 -LEADER
fixed length control field 00407nam a22001697a 4500
005 - DATE AND TIME OF LATEST TRANSACTION
control field 20180703163548.0
008 - FIXED-LENGTH DATA ELEMENTS--GENERAL INFORMATION
fixed length control field 160620b xxu||||| |||| 00| 0 eng d
020 ## - INTERNATIONAL STANDARD BOOK NUMBER
ISBN 978-81-7194-649-5
041 ## - LANGUAGE CODE
Language code of text/sound track or separate title eng
082 ## - DEWEY DECIMAL CLASSIFICATION NUMBER
Item number 8452
Classification number 658.15
100 ## - MAIN ENTRY--AUTHOR NAME
Personal name Kishore, Ravi M
245 ## - TITLE STATEMENT
Title Financial Mgt: Problems and Solution
260 ## - PUBLICATION, DISTRIBUTION, ETC. (IMPRINT)
Name of publisher Taxmann
300 ## - PHYSICAL DESCRIPTION
Number of Pages 1021p,
650 ## - SUBJECT ADDED ENTRY--TOPICAL TERM
Topical Term Management
942 ## - ADDED ENTRY ELEMENTS (KOHA)
Koha item type Books
Holdings
Lost status Damaged status Collection code Home library Current library Shelving location Date acquired Cost, normal purchase price Full call number Accession Number Koha item type
    MANAGEMENT JRU Library JRU Library SHELF-60-I 20/06/2016 540.00 658.15 8452 Books
    Reference JRU Library   SHELF-28-G 20/06/2016 540.00 658.15 8453 Books
    MANAGEMENT JRU Library JRU Library SHELF-60-I 20/06/2016 540.00 658.15 8454 Books